to love in the 21st century: the epilogue - (Album) Lyn Lapid - Statistics

General Stats
  • This quiz has been taken 29 times
  • The average score is 12 of 13
Answer Stats
Hint Answer % Correct
2. poster boy
100%
5. keep me around
96%
8. the alternative
96%
6. tlit21c
96%
3. do u really?
92%
1. intro
92%
12. july
92%
10. ok with it
92%
11. east side
88%
4. pick your brain
88%
13 could've been you
80%
9. cross your mind
80%
7. like you want me to
76%
No matching quizzes found
Score Distribution
Percent of People with Each Score
Percentile by Number Answered
Your Score History
You have not taken this quiz